000 00361nam a22001577a 4500
005 20170401164251.0
008 170401b xxu||||| |||| 00| 0 eng d
020 _a81-219-2320-4
041 _aeng
100 _aDAYARATNAM, P
_93810
245 _aDESING OF STEEL STRUCTURES
260 _bS CHAND
300 _a868
650 _aENGINEERING
_93811
942 _cBK
999 _c5409
_d5407